Les Ballons d'Or des openings de @KuroHachi - Statistiques

Statistiques générales
  • Ce quiz a été pris 16 fois
  • Le résultat moyen est 10 sur 22
Statistiques - réponses
Année Vainqueur % Correct
2019 Demon Slayer Opening 1 : Gurenge
69%
2017 L'Attaque des Titans Opening 3 : Shinzō wo Sasageyo
62%
2024 Mashle Opening 2 : Bling-Bang-Bang-Born
62%
2008 Naruto Shippuden Opening 3 : Blue Bird
62%
2012 Sword Art Online Opening 1 : Crossing Field
62%
2014 Tokyo Ghoul Opening 1 : Unravel
62%
2020 Black Clover Opening 10 : Black Catcher
54%
2006 Code Geass Opening 1 : Colors
54%
2018 Black Clover Opening 3 : Black Rover
46%
2025 Dandadan Opening 2 : Kakumei Douchu
46%
2011 Hunter x Hunter Opening 1 : Departure
46%
2023 Jujutsu Kaisen Opening 3 : Ao no Sumika
46%
2021 Beastars Opening 2 : Kaibutsu
38%
2007 Bleach Opening 7 : After Dark
38%
2010 Fairy Tail Opening 3 : ft.
38%
2004 One Piece Opening 5 : Kokoro no Chizu
38%
2005 Bleach Opening 2 : D-technolife
31%
2009 Fullmetal Alchemist Brotherhood Opening 1 : Again
31%
2022 Ranking of Kings Opening 2 : Hadaka no Yuusha
31%
2013 Jojo's Bizarre Adventure Opening 2 : Bloody Stream
23%
2015 Noragami Opening 2 : Kyouran Hey Kids !!
23%
2016 Re:Zero Opening 2 : Paradisus-Paradoxum
8%
Aucun quiz correspondant
Distribution des résultats
% des personnes avec chaque résultat
Percentile par nombre de réponses
Votre historique - résultats
Vous n’avez pas pris ce quiz